000 00762nam a2200205 i 4500
001 124787
003 ES-MaACL
005 20230906192510.0
007 t|
008 070419s1936 sp ||||1| spa d
110 2 _aComisión Asesora Nacional Patronal y Obrera (España)
_93007
245 1 0 _aComisión Asesora Nacional Patronal y Obrera
_b: normas para su funcionamiento, noticias de su actuación.
250 _a2ª ed.
260 _aMadrid :
_b[s.n.],
_c1936 (
_fSobrinos Sucesores de Minuesa de los Ríos)
300 _a102 p. ;
_c21 cm.
490 1 _aPublicaciones del Instituto Nacional de Previsión ;
_v485
830 0 _aPublicaciones del Instituto Nacional de Previsión ;
_v485
_9181151
852 _aES-MaACL
_jC-12632(2)
999 _c124787
_d124787